| 000 | 00747nam a2200229 a 4500 | ||
|---|---|---|---|
| 001 | 73736 | ||
| 003 | BD-RjUL | ||
| 005 | 20211209082435.0 | ||
| 008 | 170608s1955 nyua b 001 0 eng d | ||
| 035 | _a(BD-RjUL)73954 | ||
| 040 |
_aDLC/ICU _cCGU _dUKM _dEQO _dBD-RjUL _beng |
||
| 041 | _aeng | ||
| 082 | 0 | 0 |
_223 _a546.2 _bSCH 1955 |
| 100 | 1 |
_aSchumb, Walter C. _q(Walter Cecil), _d1892- _9218276 |
|
| 245 | 1 | 0 |
_aHydrogen peroxide / _cby Walter C. Schumb, Charles N. Satterfield and Ralph L. Wentworth. |
| 260 |
_aNew York : _bReinhold Pub. Corp., _c1955 |
||
| 300 |
_axiii, 759 p. : _bill. ; _c24 cm. |
||
| 504 | _aIncludes bibliographical references and index | ||
| 650 | 0 |
_aHydrogen peroxide. _9218277 |
|
| 942 |
_2ddc _cBK |
||
| 999 |
_c73736 _d73736 |
||